000 01135nam a2200277Ia 4500
001 ebr10132663
003 CaPaEBR
006 m u
007 cr cn|||||||||
008 000815s2006 enk s 000 0 eng d
020 _z1845449800
040 _aCaPaEBR
_cCaPaEBR
035 _a(OCoLC)826503266
050 1 4 _aHC79.C6
_bC66 2006eb
245 0 0 _aConsumption, culture and consumer life-choices in Australia
_h[electronic resource] /
_cguest editor, Paul Henry.
260 _aBradford, England :
_bEmerald Group Publishing,
_cc2006.
300 _a89 p.
490 0 _aQualitative Market Research, an International Journal ;
_vv.9, no. 2
533 _aElectronic reproduction.
_bPalo Alto, Calif. :
_cebrary,
_d2009.
_nAvailable via World Wide Web.
_nAccess may be limited to ebrary affiliated libraries.
650 0 _aConsumption (Economics)
_zAustralia.
650 0 _aMarketing research.
655 7 _aElectronic books.
_2local
700 1 _aHenry, Paul.
710 2 _aebrary, Inc.
856 4 0 _uhttp://site.ebrary.com/lib/rucke/Doc?id=10132663
_zAn electronic book accessible through the World Wide Web; click to view
999 _c182783
_d182783